निराला चिन्तन / (Record no. 112974)

MARC details
000 -LEADER
fixed length control field 01338nam a22002897a 4500
003 - CONTROL NUMBER IDENTIFIER
control field dpl
005 - DATE AND TIME OF LATEST TRANSACTION
control field 20190302160825.0
008 - FIXED-LENGTH DATA ELEMENTS--GENERAL INFORMATION
fixed length control field 190302b ||||| |||| 00| 0 eng d
010 ## - LIBRARY OF CONGRESS CONTROL NUMBER
LC control number A-925124
020 ## - INTERNATIONAL STANDARD BOOK NUMBER
Terms of availability 125.00
035 ## - SYSTEM CONTROL NUMBER
System control number A-925124, A-925128
037 ## - SOURCE OF ACQUISITION
Source of stock number/acquisition Cen Lib/Ret
040 ## - CATALOGING SOURCE
Original cataloging agency DPL
Language of cataloging HN
Transcribing agency 0
082 ## - DEWEY DECIMAL CLASSIFICATION NUMBER
Classification number 821.08
Item number निराला
245 ## - TITLE STATEMENT
Title निराला चिन्तन /
Statement of responsibility, etc सम्पादक अर्जुन शतपथी [एवं] मधुसूदन साहा
246 ## - VARYING FORM OF TITLE
Title proper/short title Nirala chintan /
Remainder of title edited by Arjun Shatpathi [and] Madhusudan Saha
260 ## - PUBLICATION, DISTRIBUTION, ETC. (IMPRINT)
Place of publication, distribution, etc दिल्ली
Name of publisher, distributor, etc अभिरुचि प्रकाशन
Date of publication, distribution, etc 1998
270 ## - ADDRESS
City दिल्ली
Address 3/114, कर्ण गली, विश्वासनगर, शाहदरा
Postal code 110032
300 ## - PHYSICAL DESCRIPTION
Extent xvii,132पृ.
Dimensions 20सेमी (सजिल्द)
650 ## - SUBJECT ADDED ENTRY--TOPICAL TERM
Topical term or geographic name as entry element हिन्दी -- साहित्य
9 (RLIN) 51503
650 ## - SUBJECT ADDED ENTRY--TOPICAL TERM
Topical term or geographic name as entry element हिन्दी -- निराला -- साहित्य साधना
9 (RLIN) 50030
650 ## - SUBJECT ADDED ENTRY--TOPICAL TERM
Topical term or geographic name as entry element Hindi -- literature
9 (RLIN) 51504
650 ## - SUBJECT ADDED ENTRY--TOPICAL TERM
Topical term or geographic name as entry element Hindi - Nirala -- literature silence
9 (RLIN) 50032
700 ## - ADDED ENTRY--PERSONAL NAME
Personal name साहा, मधुसूदन
9 (RLIN) 51505
700 ## - ADDED ENTRY--PERSONAL NAME
Personal name अर्जुन शतपथी
9 (RLIN) 51506
942 ## - ADDED ENTRY ELEMENTS (KOHA)
Source of classification or shelving scheme Dewey Decimal Classification
Koha item type Hindi Books
Classification part 821.08
Call number suffix निराला
Holdings
Withdrawn status Lost status Damaged status Not for loan Home library Current library Date acquired Source of acquisition Cost, normal purchase price Total Checkouts Full call number Barcode Date last seen Copy number Cost, replacement price Price effective from Koha item type Source of classification or shelving scheme Collection code Date checked out
        Central Library Central Library 11/08/2015 Cen Lib/Ret 125.00   821.08 निराला A-925124 11/08/2015 1 125.00 11/08/2015 Hindi Books      
        Shahdara Branch Shahdara Branch 02/03/2019 BPPD/PUB 125.00 1 821.08 निराला A-925128 06/03/2021   125.00 02/03/2019 Hindi Books Dewey Decimal Classification Non-fiction 04/03/2021

© Delhi Public Library
Hit Counter
free hit counter